header

The price of fish (Record no. 116311)

MARC details
000 -LEADER
fixed length control field 01243nam a2200337Ia 4500
082 04 - DEWEY DECIMAL CLASSIFICATION NUMBER
Classification number 381
100 1# - MAIN ENTRY--AUTHOR NAME
Personal name Mainelli, Michael.
245 14 - TITLE STATEMENT
Title The price of fish
260 ## - PUBLICATION, DISTRIBUTION, ETC. (IMPRINT)
Place of publication London ;
-- Boston :
Name of publisher Nicholas Brealey Pub.,
Year of publication 2011.
300 ## - PHYSICAL DESCRIPTION
Number of Pages vii, 328 p. :
Other physical details ill.
650 #0 - SUBJECT ADDED ENTRY--TOPICAL TERM
Topical Term Economics.
Topical Term Commerce
Topical Term Fishery products
700 1# - ADDED ENTRY--PERSONAL NAME
Personal name Harris, Ian,
856 40 - ELECTRONIC LOCATION AND ACCESS
Uniform Resource Identifier http://site.ebrary.com/lib/rucke/Doc?id=10509373

No items available.

© 2026 Rongo University
Contact us: librarian | system librarian | Rongo university